Sensors & Transducers (Record no. 5537)

MARC details
000 -LEADER
fixed length control field 00382nam a2200169Ia 4500
008 - FIXED-LENGTH DATA ELEMENTS--GENERAL INFORMATION
fixed length control field 221030s9999 xx 000 0 und d
020 ## - INTERNATIONAL STANDARD BOOK NUMBER
ISBN 8120321984
041 ## - LANGUAGE CODE
Language code of text/sound track or separate title
082 ## - DEWEY DECIMAL CLASSIFICATION NUMBER
Classification number 105.23
100 ## - MAIN ENTRY--AUTHOR NAME
Personal name D. Patranabis
245 #0 - TITLE STATEMENT
Title Sensors & Transducers
Statement of responsibility, etc by D. Patranabis
250 ## - EDITION STATEMENT
Edition statement 2nd
260 ## - PUBLICATION, DISTRIBUTION, ETC. (IMPRINT)
Name of publisher PHI
Place of publication New Delhi
Year of publication 2007
300 ## - PHYSICAL DESCRIPTION
Number of Pages 335
650 ## - SUBJECT ADDED ENTRY--TOPICAL TERM
Topical Term ECE
942 ## - ADDED ENTRY ELEMENTS (KOHA)
Koha item type Books
Holdings
Accession Number Cost, normal purchase price Full call number Price effective from Koha item type Withdrawn / writtenoff status Materials specified (bound volume or other part) Damaged status Not for loan Permanent Location Current Location Shelving location Date acquired Lost/ Missing status department
BE 9234 250.00 105.23 10/30/2022 Books   Print     MIET Library, Jammu MIET Library, Jammu BL-Academic Block- A, FL-1, CUP-13, SH-2, R-2 03/03/2008   BE
BE 9235 250.00 105.23 10/30/2022 Books   Print     MIET Library, Jammu MIET Library, Jammu BL-Academic Block- A, FL-1, CUP-13, SH-3, R-3 03/03/2008   BE
BE 9236 250.00 105.23 10/30/2022 Books   Print     MIET Library, Jammu MIET Library, Jammu BL-Academic Block- A, FL-1, CUP-13, SH-2, R-2 03/03/2008   BE
BE 9237 250.00 105.23 10/30/2022 Books   Print     MIET Library, Jammu MIET Library, Jammu BL-Academic Block- A, FL-1, CUP-13, SH-2, R-2 03/03/2008   BE
BE 9238 250.00 105.23 10/30/2022 Books   Print     MIET Library, Jammu MIET Library, Jammu BL-Academic Block- A, FL-1, CUP-13, SH-2, R-2 03/03/2008   BE